Complete Works of Swami Vivekananda. Vol.8 (Record no. 4400)
[ view plain ]
| 000 -LEADER | |
|---|---|
| fixed length control field | 00324nam a2200133Ia 4500 |
| 008 - FIXED-LENGTH DATA ELEMENTS--GENERAL INFORMATION | |
| fixed length control field | 230523s9999 xx 000 0 und d |
| 082 ## - DEWEY DECIMAL CLASSIFICATION NUMBER | |
| Classification number | 294.52 IND |
| 100 ## - MAIN ENTRY--PERSONAL NAME | |
| Main Author Name | Ramakrishna Mission |
| 245 #0 - TITLE STATEMENT | |
| Title | Complete Works of Swami Vivekananda. Vol.8 |
| 260 ## - PUBLICATION, DISTRIBUTION, ETC. | |
| Place of publication | Kolkata |
| 260 ## - PUBLICATION, DISTRIBUTION, ETC. | |
| publisher Name | Advaita Ashrama |
| 260 ## - PUBLICATION, DISTRIBUTION, ETC. | |
| Date of publication | 2013 |
| 942 ## - ADDED ENTRY ELEMENTS (KOHA) | |
| Koha item type | Donated Book |
| Lost status | Not for loan | Home library | Current library | Date last seen | Koha item type | School | Total Checkouts | Full call number | Barcode | Price effective from | Withdrawn status | Date acquired | Source of acquisition | Bill Date | Bill No |
|---|---|---|---|---|---|---|---|---|---|---|---|---|---|---|---|
| BGU Central Library | BGU Central Library | 23/05/2023 | Donated Book | School of Management | 294.52 IND | G31 | 23/05/2023 | 30/03/2016 | Gifted | 2016-03-30 | Gift |

2cqr automation private limited, Chennai. All Rights Reserved.